00457nam a2200181 a 4500001001300000003000900013005001700022008004100039020001000080082001900090100002300109245002700132260003200159300000800191500003500199505001700234650002400251nice12345678IN_TiNIC20260116013000.0050524s1984 mosa grp 000 0 eng  ac10000a335.40297bBUR aBurkhanov, Shaukat aSoviet Power and Islam aMoscowbNovosti Pressc1984 a48p aincludes index and biblioraphy2 aBibliography aSocialism and Islam